Recesión en Estados Unidos reduciría remesas hacia América Latina

Guardat en:
Dades bibliogràfiques
Format: Text
Matèries:
Etiquetes: Afegir etiqueta
Sense etiquetes, Sigues el primer a etiquetar aquest registre!

MARC

LEADER 00000 a a2200000 04500
001 10292
003
040
245 |a Recesión en Estados Unidos reduciría remesas hacia América Latina  
650 |a MIGRACION  
650 |a REMESAS  
650 |a CRISIS ECONOMICA  
650 |a DESARROLLO EOCNOMICO  
650 |a CEPAL  
650 |a AMERICA LATINA  
650 |a ESTADOS UNIDOS  
650 |a ESTADISTICAS ECONOMICAS  
773 |g número 57; páginas 1, 6  
999 |c 30676  |d 30676